000 00389nam a2200145Ia 4500
008 230917s9999||||xx |||||||||||||| ||und||
040 _e131149
_aMAIN
041 _aEnglish
082 _a519.5 C361D
100 _aPuran Chand
245 0 _aData Based reliabity modeling and economic analysis of some industrial system
260 _aRohtak
_bMDU
_c2008
300 _a168 p.
942 _cBK
999 _c124985
_d124985